Kids and the atari

Gardado en:
Detalles Bibliográficos
Autor Principal: Carlson, Edward H.
Formato: Libro
Idioma:inglés
Publicado: Datamost. 1983.
Subjects:
Tags: Engadir etiqueta
Sen Etiquetas, Sexa o primeiro en etiquetar este rexistro!

MARC

LEADER 00000nam a22000005a 4500
001 480
003 CL-ChBUA
005 20120815102705.0
008 070301s1983 xxu 000 0 eng
020 |a 0835937608 
040 |a CL-ChBUA  |c CL-ChBUA 
082 0 0 |a 001.642 
090 |c 480  |d 480 
100 1 |a Carlson, Edward H. 
245 1 0 |a Kids and the atari 
260 |b Datamost.  |c 1983. 
300 |a 219 p.  |b gráfs.: il.  |c 26 cm. 
504 |a Indice. 
650 4 |a ATARI(COMPUTADORES) - PROGRAMAS. 
942 |c LIB 
952 |0 0  |1 0  |4 0  |7 0  |9 532  |a UNACH  |b UNACH  |c 000  |d 2007-03-05  |i 21.272.  |l 0  |o 001.642 4 / C 284ki. c.1  |p 1531  |r 2022-01-04 00:00:00  |u 532  |w 2012-08-08  |y LIB  |k 001.642 4 / C 284ki. c.1 
999 |c 480  |d 480